Propiedad intelectual sobre los conocimientos tradicionales agrc̕olas Elementos para su caracterizacin̤ en el ordenamiento jurd̕ico colombiano /

Detalles Bibliográficos
Autor principal: Gloria Amparo Rodrg̕uez
Otros Autores: Vargas-Chaves, Ivǹ, Blumenkranc, Heidy
Formato: eBook
Lenguaje:español
Publicado: Bogot:̀ Editorial Universidad de Rosario (Colombia), 2020
Materias:
Acceso en línea:Acceso restringido

MARC

LEADER 00000nam a22000007a 4500
005 20200921222359.0
007 cr|||| ||||
008 200921s2020 co |||||s|||| 00||0 spa d
020 |a 978-958-784-414-6 
035 |a 32086 
040 |a vLex 
090 |c 10740  |d 10740 
100 1 |a Gloria Amparo Rodrg̕uez 
245 1 0 |a Propiedad intelectual sobre los conocimientos tradicionales agrc̕olas  |h [Recurso electrn̤ico] :  |b Elementos para su caracterizacin̤ en el ordenamiento jurd̕ico colombiano /  |c Gloria Amparo Rodrg̕uez, Ivǹ Vargas-Chaves, Heidy Blumenkranc 
256 |a Servicio en ln̕ea 
260 |a Bogot:̀  |b Editorial Universidad de Rosario (Colombia),  |c 2020 
300 |a 1 recurso electrn̤ico 
500 |a Este libro hace una caracterizacin̤ del conocimiento tradicional agrc̕ola, considerado como un tipo de saber tradicional propio de las comunidades que lo han desarrollado, practicado y transmitido durante generaciones. La propuesta conceptual se aborda en relacin̤ con la proteccin̤ y preservacin̤ respecto al conjunto de experiencias y tčnicas agrc̕olas tradicionales. Para lo cual, en primera instancia, se exponen el estado actual de este tipo de conocimientos, con sus avances, retrocesos y amenazas desde el contexto de la soberana̕ alimentaria y la preservacin̤ de la identidad cultural. Se proponen, adems̀, como soluciones de fortalecimiento la participacin̤ en la distribucin̤ justa y equitativa de beneficios, la consulta previa como mecanismo de acceso y, por l︢timo, se desarrollan una serie de lineamientos para una incidencia efectiva en la toma de decisiones. 
506 1 |a Disponible solo en los productos indicados  |d vLex Global  |d vLex Global (Academic Edition, excluding Law Schools)  |d vLex Global (U.S. Academic Edition, Law Schools)  |d vLex Global (U.S. Academic Edition, excluding Law Schools)  |d vLex Global (Academic Edition, Law Schools) 
650 0 4 |a Propiedad Intelectual  |z Colombia 
700 1 |a Vargas-Chaves, Ivǹ 
700 1 |a Blumenkranc, Heidy 
740 0 |a vLex Libros (Servicio en ln̕ea) 
856 4 0 |u http://vlex.com/source/propiedad-intelectual-sobre-los-conocimientos-tradicionales-agricolas-elementos-para-su-caracterizacion-en-el-ordenamiento-juridico-colombiano-32086  |z Acceso restringido 
942 |c BOOK 
999 0 |a Intellectual property